• 首页
  • 本馆介绍
  • 公告通知
  • 最新文献
  • 馆藏检索
  • 电子资源
  • 读者导购
  • 参考咨询
  • 我的图书馆
  • 登录
  • 详细信息显示
  • 放入我的书架
  • 预约/预借图书
  • 作者相关作品
  • 分类相关作品
  • 丛书相关作品
  • 出版社相关作品

书目信息

  • 表格格式
  • 工作单格式
  • 卡片格式
题名:
苏联顾问在中国
    
 
作者: ;中国社会科学院近代史研究所翻译室 译
分册:  
出版信息: 北京   中国社会科学出版社  1980
页数: 136页
开本: 19cm
丛书名:
单 册:
中图分类: K262-67
科图分类:
主题词: 史料--中国--1923~1927 , 中国--历史
电子资源:
ISBN:
000 00920nam0 2200253 45
001 0180000363
005 20060420145703.89
010    @dCNY0.44
091    @a11190.060
100    @a19950817d1980 em y0chiy0121 ea
101 1  @achi@crus
102    @aCN@b110000
105    @ay z 000yy
200 10 @a苏联顾问在中国@Asu lian gu wen zai zhong guo@e1923—1927@f中国社会科学院近代史研究所翻译室译
210    @a北京@c中国社会科学出版社@d1980
215    @a136页@d19cm
300    @a书名原文:Советские добровольцы о первой гражданской революционной войне в Китае
606    @a史料@y中国@z1923~1927
606 0  @a中国@x历史
690    @aK262-67@v3
711 02 @a中国社会科学院近代史研究所翻译室@Azhong guo she hui ke xue yuan jin dai shi yan jiu suo fan yi shi@4译
801  2 @aCN@bNLC@c20060420
801  0 @aCN@b上海图书馆@c20040518
905    @dK262-67@e6
    
    苏联顾问在中国:1923—1927/中国社会科学院近代史研究所翻译室译.-北京:中国社会科学出版社,1980
    136页;19cm
    书名原文:Советские добровольцы о первой гражданской революционной войне в Китае
    
    ISBN :CNY0.44
    
●
相关链接 在E读中查询图书 在五车中查询图书 在当当中查询图书 在豆瓣中查询图书


正题名:苏联顾问在中国     索取号:K262-67/6         预约/预借

序号 登录号 条形码 馆藏地/架位号 状态 备注
1 0073524   202275929   密集书库/ [索取号:K262-67/6] 在馆    
2 0073525   000355948   第二借阅区/ [索取号:K262-67/6] 在馆    
3 0073526   202275938   密集书库/ [索取号:K262-67/6] 在馆    
4 0073527   000355966   第二借阅区/ [索取号:K262-67/6] 在馆    
5 0073528   000355957   第二样本阅览室/ [索取号:K262-67/6] 在馆    
唐山师范学院图书馆 欢迎您!
大连网信软件有限公司© 版权所有